| 000 | 00562nam a2200181 i 4500 | ||
|---|---|---|---|
| 001 | 186608 | ||
| 003 | SpMaBN | ||
| 005 | 20230906222715.0 | ||
| 008 | 161207s1956 ag |||| | spa d | ||
| 080 | _a869(729.3)-192.2(082.2) | ||
| 100 | 1 |
_aPérez, Carlos Federico. _9161408 |
|
| 245 | 1 | 0 |
_aEvolución poética dominicana / _cCarlos Federico Pérez. |
| 260 |
_aBuenos Aires : _bPoblet, _c[1956] |
||
| 300 |
_a270 p. ; _c20 cm. |
||
| 500 | _aÍndice onomástico. | ||
| 650 | 7 |
_aPoesía dominicana- _xHistoria y crítica. _9161409 |
|
| 852 |
_aES-MaACL _jL-30992 |
||
| 999 |
_c186608 _d186608 |
||